Handbook of transition metal polymerization catalysts (Record no. 83887)
[ view plain ]
| 000 -LEADER | |
|---|---|
| fixed length control field | 01280nam a2200337 a 4500 |
| 082 04 - DEWEY DECIMAL CLASSIFICATION NUMBER | |
| Classification number | 668.9/2 |
| 245 00 - TITLE STATEMENT | |
| Title | Handbook of transition metal polymerization catalysts |
| 260 ## - PUBLICATION, DISTRIBUTION, ETC. (IMPRINT) | |
| Place of publication | Hoboken, N.J. : |
| Name of publisher | Wiley, |
| Year of publication | c2010. |
| 300 ## - PHYSICAL DESCRIPTION | |
| Number of Pages | xxi, 575 p. : |
| Other physical details | ill. |
| 650 #0 - SUBJECT ADDED ENTRY--TOPICAL TERM | |
| Topical Term | Polymerization. |
| Topical Term | Transition metal catalysts. |
| Topical Term | Metathesis (Chemistry) |
| 700 1# - ADDED ENTRY--PERSONAL NAME | |
| Personal name | Hoff, Raymond E. |
| Personal name | Mathers, Robert T. |
| 856 40 - ELECTRONIC LOCATION AND ACCESS | |
| Uniform Resource Identifier | http://site.ebrary.com/lib/rucke/Doc?id=10419379 |
No items available.
